| 000 | 00000nam 2200000zi 4500 |
| 001 | 9.940833 |
| 003 | CaOODSP |
| 005 | 20241015110929 |
| 006 | m o d f |
| 007 | cr |n||||||||| |
| 008 | 240722e202408 oncbd ob f000 0 eng d |
| 020 | |a9780660728759 |
| 040 | |aCaOODSP|beng|erda|cCaOODSP |
| 043 | |an-cn--- |
| 086 | 1 |aFs70-5/2024-039E-PDF |
| 100 | 1 |aPlourde, S, |eauthor. |
| 245 | 10|aDescribing the seasonal and spatial distribution of Calanus species and North Atlantic Right Whale potential foraging habitats in Canadian waters using species distribution models / |cS. Plourde, C. Lehoux, J.J. Roberts, C.L. Johnson, N. Record, P. Pepin, C. Orphanides, R.S. Schick, H. J. Walsh, C.H. Ross. |
| 264 | 1|aOttawa ON : |bCanadian Science Advisory Secretariat (CSAS), |cAugust 2024. |
| 264 | 4|c©2024 |
| 300 | |a1 online resource (v, 71 pages) : |bmaps, graphs. |
| 336 | |atext|btxt|2rdacontent |
| 337 | |acomputer|bc|2rdamedia |
| 338 | |aonline resource|bcr|2rdacarrier |
| 490 | 1 |aResearch document, |x1919-5044 ; |v2024/039 |
| 500 | |aIssued also in French under title: Description de la répartition saisonnière et spatiale des proies du genre Calanus et des habitats potentiels d'alimentation de la baleine noire du nord de l'atlantique dans les eaux canadiennes à l'aide de modèles de répartition des espèces. |
| 504 | |aIncludes bibliographical references (pages 17-21). |
| 650 | 0|aCalanus|zAtlantic Coast|xGeographical distribution. |
| 650 | 0|aNorthern right whale|xFood|zAtlantic Coast (Canada) |
| 710 | 1 |aCanada. |bDepartment of Fisheries and Oceans, |eissuing body. |
| 710 | 2 |aCanadian Science Advisory Secretariat, |eissuing body. |
| 775 | 08|tDescription de la répartition saisonnière et spatiale des proies du genre Calanus et des habitats potentiels d'alimentation de la baleine noire du nord de l'atlantique dans les eaux canadiennes à l'aide de modèles de répartition des espèces / |w(CaOODSP)9.940834 |
| 830 | #0|aResearch document (Canadian Science Advisory Secretariat)|v2024/039.|w(CaOODSP)9.507396 |
| 856 | 40|qPDF|s20.1 MB|uhttps://publications.gc.ca/collections/collection_2024/mpo-dfo/fs70-5/Fs70-5-2024-039-eng.pdf |